000
00275nam a2200109Ia 4500
008
220204s9999 xx 000 0 und d
082
_a
330.8
_b
LEK
100
_a
LEKACHMAN, R
245
0
_a
History of economic ideas
260
_a
Delhi
_b
Universal Book Stall
_c
1967
942
_c
BK
999
_c
21197
_d
21197